| 000 | 00849nam a2200229Ia 4500 | ||
|---|---|---|---|
| 001 | 9105 | ||
| 003 | GE_BSU | ||
| 008 | 181216s||||||||xx |||||||||||||| ||und|| | ||
| 040 | _cGE_BSU | ||
| 080 | _a821.353.1-1 | ||
| 100 | _aლებანიძე,მურმან | ||
| 245 | _aკრებული-1986:ლირიკა-1985,ლირიკა-1984,ლირიკა-1983 | ||
| 245 | _bძველი რვეულიდან ახალი თარგმანები | ||
| 245 | _cრედ.ნინო ახალკაცი,მხატვ, ჯ.ზეინაშვილი | ||
| 260 | _aთბილისი | ||
| 260 | _bმერანი | ||
| 260 | _c1986 | ||
| 300 | _a190გვ.14სმ. | ||
| 300 | _eპორტრეტი გარეკანზე | ||
| 653 | _aკრებული | ||
| 942 | _cBK | ||
| 999 |
_c42409 _d42409 |
||